| 000 | 00415nam a22001217a 4500 | ||
|---|---|---|---|
| 082 | _a200 THE | ||
| 100 |
_aMunazza Ansar _972577 |
||
| 245 | _aTH-SOF-1735-IDENTIFICATION OF DIFFICULT ENGLISH WORDS FOR ASSISTING HEARING IMPAIRED CHILDREN IN LEARNING LANAGUAGE | ||
| 260 |
_aISLAMABAD _bNUST COLLEGE OF EME _c2020 |
||
| 650 |
_aMS-CSE-16 MSTHESIS _969361 |
||
| 700 |
_aSupervisor Dr. Usman Qamar _969693 |
||
| 942 | _cCF | ||
| 999 |
_c578575 _d578575 |
||